<?xml version="1.0" encoding="UTF-8"?>
<collection xmlns="http://www.loc.gov/MARC21/slim">
 <record>
  <leader>04494cam a2200925   4500</leader>
  <controlfield tag="001">1628560126</controlfield>
  <controlfield tag="003">DE-627</controlfield>
  <controlfield tag="005">20240118081037.0</controlfield>
  <controlfield tag="007">tu</controlfield>
  <controlfield tag="008">170925s2017    gw ||||| m    00| ||ger c</controlfield>
  <datafield tag="015" ind1=" " ind2=" ">
   <subfield code="a">17,N36</subfield>
   <subfield code="2">dnb</subfield>
  </datafield>
  <datafield tag="016" ind1="7" ind2=" ">
   <subfield code="a">113912983X</subfield>
   <subfield code="2">DE-101</subfield>
  </datafield>
  <datafield tag="020" ind1=" " ind2=" ">
   <subfield code="a">9783896466686</subfield>
   <subfield code="9">978-3-89646-668-6</subfield>
  </datafield>
  <datafield tag="020" ind1=" " ind2=" ">
   <subfield code="a">3896466682</subfield>
   <subfield code="9">3-89646-668-2</subfield>
  </datafield>
  <datafield tag="024" ind1="3" ind2=" ">
   <subfield code="a">9783896466686</subfield>
  </datafield>
  <datafield tag="028" ind1="5" ind2="2">
   <subfield code="a">Bestellnummer: OrA 38</subfield>
  </datafield>
  <datafield tag="035" ind1=" " ind2=" ">
   <subfield code="a">(DE-627)1628560126</subfield>
  </datafield>
  <datafield tag="035" ind1=" " ind2=" ">
   <subfield code="a">(DE-576)493797580</subfield>
  </datafield>
  <datafield tag="035" ind1=" " ind2=" ">
   <subfield code="a">(DE-599)BSZ493797580</subfield>
  </datafield>
  <datafield tag="035" ind1=" " ind2=" ">
   <subfield code="a">(OCoLC)1011403202</subfield>
  </datafield>
  <datafield tag="035" ind1=" " ind2=" ">
   <subfield code="a">(OCoLC)1003213550</subfield>
  </datafield>
  <datafield tag="035" ind1=" " ind2=" ">
   <subfield code="a">(OCoLC)1011403202</subfield>
  </datafield>
  <datafield tag="040" ind1=" " ind2=" ">
   <subfield code="a">DE-627</subfield>
   <subfield code="b">ger</subfield>
   <subfield code="c">DE-627</subfield>
   <subfield code="e">rda</subfield>
  </datafield>
  <datafield tag="041" ind1=" " ind2=" ">
   <subfield code="a">ger</subfield>
  </datafield>
  <datafield tag="044" ind1=" " ind2=" ">
   <subfield code="c">XA-DE-NW</subfield>
  </datafield>
  <datafield tag="082" ind1="0" ind2=" ">
   <subfield code="a">930</subfield>
  </datafield>
  <datafield tag="082" ind1="0" ind2=" ">
   <subfield code="a">726.1207093944</subfield>
   <subfield code="q">DE-101</subfield>
   <subfield code="2">23/ger</subfield>
  </datafield>
  <datafield tag="082" ind1="0" ind2=" ">
   <subfield code="a">690.61093944</subfield>
   <subfield code="q">DE-101</subfield>
   <subfield code="2">23/ger</subfield>
  </datafield>
  <datafield tag="082" ind1="0" ind2="4">
   <subfield code="a">930</subfield>
   <subfield code="q">DE-101</subfield>
  </datafield>
  <datafield tag="082" ind1="0" ind2="4">
   <subfield code="a">720</subfield>
   <subfield code="a">690</subfield>
   <subfield code="a">930</subfield>
   <subfield code="q">DE-101</subfield>
  </datafield>
  <datafield tag="084" ind1=" " ind2=" ">
   <subfield code="a">ALT-KA</subfield>
   <subfield code="q">DE-16</subfield>
   <subfield code="2">fid</subfield>
  </datafield>
  <datafield tag="084" ind1=" " ind2=" ">
   <subfield code="a">6,12</subfield>
   <subfield code="2">ssgn</subfield>
  </datafield>
  <datafield tag="084" ind1=" " ind2=" ">
   <subfield code="a">LF 1860</subfield>
   <subfield code="2">rvk</subfield>
   <subfield code="0">(DE-625)rvk/91255:</subfield>
  </datafield>
  <datafield tag="084" ind1=" " ind2=" ">
   <subfield code="a">15.16</subfield>
   <subfield code="2">bkl</subfield>
  </datafield>
  <datafield tag="100" ind1="1" ind2=" ">
   <subfield code="a">Lohmann, Daniel</subfield>
   <subfield code="e">VerfasserIn</subfield>
   <subfield code="0">(DE-588)1066492093</subfield>
   <subfield code="0">(DE-627)81762645X</subfield>
   <subfield code="0">(DE-576)426004612</subfield>
   <subfield code="4">aut</subfield>
  </datafield>
  <datafield tag="245" ind1="1" ind2="4">
   <subfield code="a">Das Heiligtum des Jupiter Heliopolitanus in Baalbek</subfield>
   <subfield code="b">die Planungs- und Baugeschichte</subfield>
   <subfield code="c">Daniel Lohmann</subfield>
  </datafield>
  <datafield tag="264" ind1=" " ind2="1">
   <subfield code="a">Rahden/Westf.</subfield>
   <subfield code="b">Verlag Marie Leidorf GmbH</subfield>
   <subfield code="c">2017</subfield>
  </datafield>
  <datafield tag="300" ind1=" " ind2=" ">
   <subfield code="a">XII, 259 Seiten, 30 Seiten Tafeln</subfield>
   <subfield code="b">Illustrationen</subfield>
   <subfield code="c">29.7 cm x 21 cm</subfield>
   <subfield code="e">1 CD-ROM (12 cm)</subfield>
  </datafield>
  <datafield tag="336" ind1=" " ind2=" ">
   <subfield code="a">Text</subfield>
   <subfield code="b">txt</subfield>
   <subfield code="2">rdacontent</subfield>
  </datafield>
  <datafield tag="337" ind1=" " ind2=" ">
   <subfield code="a">ohne Hilfsmittel zu benutzen</subfield>
   <subfield code="b">n</subfield>
   <subfield code="2">rdamedia</subfield>
  </datafield>
  <datafield tag="338" ind1=" " ind2=" ">
   <subfield code="a">Band</subfield>
   <subfield code="b">nc</subfield>
   <subfield code="2">rdacarrier</subfield>
  </datafield>
  <datafield tag="490" ind1="1" ind2=" ">
   <subfield code="a">Orient-Archäologie</subfield>
   <subfield code="v">Band 38</subfield>
  </datafield>
  <datafield tag="500" ind1=" " ind2=" ">
   <subfield code="a">CD-ROM enthält Tafeln 6-10, gezählt als Beilagen 1-5</subfield>
  </datafield>
  <datafield tag="502" ind1=" " ind2=" ">
   <subfield code="b">Dissertation</subfield>
   <subfield code="c">BTU Cottbus-Senftenberg</subfield>
   <subfield code="d">2014</subfield>
  </datafield>
  <datafield tag="583" ind1="1" ind2=" ">
   <subfield code="a">Archivierung/Langzeitarchivierung gewährleistet</subfield>
   <subfield code="f">FID</subfield>
   <subfield code="2">pdager</subfield>
   <subfield code="5">DE-16</subfield>
  </datafield>
  <datafield tag="655" ind1=" " ind2="7">
   <subfield code="a">Hochschulschrift</subfield>
   <subfield code="0">(DE-588)4113937-9</subfield>
   <subfield code="0">(DE-627)105825778</subfield>
   <subfield code="0">(DE-576)209480580</subfield>
   <subfield code="2">gnd-content</subfield>
  </datafield>
  <datafield tag="689" ind1="0" ind2="0">
   <subfield code="d">g</subfield>
   <subfield code="0">(DE-588)4591114-9</subfield>
   <subfield code="0">(DE-627)325976112</subfield>
   <subfield code="0">(DE-576)214031489</subfield>
   <subfield code="a">Jupitertempel</subfield>
   <subfield code="g">Baalbek</subfield>
   <subfield code="2">gnd</subfield>
  </datafield>
  <datafield tag="689" ind1="0" ind2="1">
   <subfield code="d">s</subfield>
   <subfield code="0">(DE-588)4144149-7</subfield>
   <subfield code="0">(DE-627)104122676</subfield>
   <subfield code="0">(DE-576)209731796</subfield>
   <subfield code="a">Bauforschung</subfield>
   <subfield code="2">gnd</subfield>
  </datafield>
  <datafield tag="689" ind1="0" ind2=" ">
   <subfield code="5">DE-101</subfield>
  </datafield>
  <datafield tag="689" ind1="1" ind2="0">
   <subfield code="d">g</subfield>
   <subfield code="0">(DE-588)4086176-4</subfield>
   <subfield code="0">(DE-627)106053590</subfield>
   <subfield code="0">(DE-576)20923489X</subfield>
   <subfield code="a">Baalbek</subfield>
   <subfield code="2">gnd</subfield>
  </datafield>
  <datafield tag="689" ind1="1" ind2="1">
   <subfield code="d">s</subfield>
   <subfield code="0">(DE-588)4072395-1</subfield>
   <subfield code="0">(DE-627)104493674</subfield>
   <subfield code="0">(DE-576)209186887</subfield>
   <subfield code="a">Heiligtum</subfield>
   <subfield code="2">gnd</subfield>
  </datafield>
  <datafield tag="689" ind1="1" ind2="2">
   <subfield code="d">g</subfield>
   <subfield code="0">(DE-588)4035567-6</subfield>
   <subfield code="0">(DE-627)104578068</subfield>
   <subfield code="0">(DE-576)209013486</subfield>
   <subfield code="a">Libanon</subfield>
   <subfield code="2">gnd</subfield>
  </datafield>
  <datafield tag="689" ind1="1" ind2="3">
   <subfield code="d">s</subfield>
   <subfield code="0">(DE-588)4002851-3</subfield>
   <subfield code="0">(DE-627)104280352</subfield>
   <subfield code="0">(DE-576)208848975</subfield>
   <subfield code="a">Architektur</subfield>
   <subfield code="2">gnd</subfield>
  </datafield>
  <datafield tag="689" ind1="1" ind2="4">
   <subfield code="d">s</subfield>
   <subfield code="0">(DE-588)4059416-6</subfield>
   <subfield code="0">(DE-627)10439403X</subfield>
   <subfield code="0">(DE-576)209130709</subfield>
   <subfield code="a">Tempel</subfield>
   <subfield code="2">gnd</subfield>
  </datafield>
  <datafield tag="689" ind1="1" ind2="5">
   <subfield code="d">s</subfield>
   <subfield code="0">(DE-588)4540680-7</subfield>
   <subfield code="0">(DE-627)268539618</subfield>
   <subfield code="0">(DE-576)213505886</subfield>
   <subfield code="a">Provinzialrömische Archäologie</subfield>
   <subfield code="2">gnd</subfield>
  </datafield>
  <datafield tag="689" ind1="1" ind2=" ">
   <subfield code="5">(DE-627)</subfield>
  </datafield>
  <datafield tag="700" ind1="1" ind2=" ">
   <subfield code="a">Lohmann, Daniel</subfield>
   <subfield code="e">VerfasserIn</subfield>
   <subfield code="0">(DE-588)1114691143</subfield>
   <subfield code="0">(DE-627)868889539</subfield>
   <subfield code="0">(DE-576)477448534</subfield>
   <subfield code="4">aut</subfield>
  </datafield>
  <datafield tag="710" ind1="2" ind2=" ">
   <subfield code="a">VML Verlag Marie Leidorf GmbH</subfield>
   <subfield code="e">Verlag</subfield>
   <subfield code="0">(DE-588)1065031947</subfield>
   <subfield code="0">(DE-627)815986068</subfield>
   <subfield code="0">(DE-576)424726343</subfield>
   <subfield code="4">pbl</subfield>
  </datafield>
  <datafield tag="751" ind1=" " ind2=" ">
   <subfield code="a">Cottbus</subfield>
   <subfield code="0">(DE-588)4070126-8</subfield>
   <subfield code="0">(DE-627)104814225</subfield>
   <subfield code="0">(DE-576)209179449</subfield>
   <subfield code="4">uvp</subfield>
  </datafield>
  <datafield tag="751" ind1=" " ind2=" ">
   <subfield code="a">Senftenberg</subfield>
   <subfield code="0">(DE-588)4054535-0</subfield>
   <subfield code="0">(DE-627)104744057</subfield>
   <subfield code="0">(DE-576)209109262</subfield>
   <subfield code="4">uvp</subfield>
  </datafield>
  <datafield tag="787" ind1="0" ind2="8">
   <subfield code="i">Rezensiert in</subfield>
   <subfield code="a">Des Courtils, Jacques</subfield>
   <subfield code="t">[Rezension von: Daniel Lohmann, Das Heiligtum des Jupiter Heliopolitanus in Baalbek. Die Planungs- und Baugeschichte]</subfield>
   <subfield code="d">2020</subfield>
   <subfield code="w">(DE-627)1801223726</subfield>
  </datafield>
  <datafield tag="830" ind1=" " ind2="0">
   <subfield code="a">Orient-Archäologie</subfield>
   <subfield code="v">Band 38</subfield>
   <subfield code="9">38</subfield>
   <subfield code="w">(DE-627)349876835</subfield>
   <subfield code="w">(DE-576)071108947</subfield>
   <subfield code="w">(DE-600)2081654-6</subfield>
   <subfield code="x">1434-162X</subfield>
   <subfield code="7">ns</subfield>
  </datafield>
  <datafield tag="856" ind1="4" ind2="2">
   <subfield code="u">http://d-nb.info/113912983X/04</subfield>
   <subfield code="m">B:DE-101</subfield>
   <subfield code="q">application/pdf</subfield>
   <subfield code="3">Inhaltsverzeichnis</subfield>
  </datafield>
  <datafield tag="856" ind1="4" ind2="2">
   <subfield code="u">http://www.vml.de/d/detail.php?ISBN=978-3-89646-668-6</subfield>
   <subfield code="m">X: MVB</subfield>
   <subfield code="q">text/html</subfield>
   <subfield code="v">2017-09-08</subfield>
   <subfield code="x">Verlag</subfield>
   <subfield code="3">Ausführliche Beschreibung</subfield>
  </datafield>
  <datafield tag="856" ind1="4" ind2="2">
   <subfield code="u">http://www.vml.de/d/detail.php?ISBN=978-3-89646-668-6</subfield>
   <subfield code="x">Verlag</subfield>
   <subfield code="3">Ausführliche Beschreibung</subfield>
  </datafield>
  <datafield tag="889" ind1=" " ind2=" ">
   <subfield code="w">(DE-627)897276698</subfield>
  </datafield>
  <datafield tag="935" ind1=" " ind2=" ">
   <subfield code="i">mdedup</subfield>
  </datafield>
  <datafield tag="936" ind1="r" ind2="v">
   <subfield code="a">LF 1860</subfield>
   <subfield code="b">Baalbek</subfield>
   <subfield code="k">Klassische Archäologie</subfield>
   <subfield code="k">Topografie und Grabungspublikationen</subfield>
   <subfield code="k">Ausgrabungspublikationen und topografische Literatur</subfield>
   <subfield code="k">Orte und Landschaften B</subfield>
   <subfield code="k">Baalbek</subfield>
   <subfield code="0">(DE-627)1271625547</subfield>
   <subfield code="0">(DE-625)rvk/91255:</subfield>
   <subfield code="0">(DE-576)201625547</subfield>
  </datafield>
  <datafield tag="936" ind1="b" ind2="k">
   <subfield code="a">15.16</subfield>
   <subfield code="j">Altorientalische Archäologie</subfield>
   <subfield code="j">christliche Archäologie</subfield>
   <subfield code="0">(DE-627)106419765</subfield>
  </datafield>
  <datafield tag="951" ind1=" " ind2=" ">
   <subfield code="a">BO</subfield>
  </datafield>
  <datafield tag="990" ind1=" " ind2=" ">
   <subfield code="a">Jupitertempel</subfield>
  </datafield>
  <datafield tag="990" ind1=" " ind2=" ">
   <subfield code="a">Bauforschung</subfield>
  </datafield>
  <datafield tag="990" ind1=" " ind2=" ">
   <subfield code="a">Baalbek</subfield>
  </datafield>
  <datafield tag="990" ind1=" " ind2=" ">
   <subfield code="a">Heiligtum</subfield>
  </datafield>
  <datafield tag="990" ind1=" " ind2=" ">
   <subfield code="a">Libanon</subfield>
  </datafield>
  <datafield tag="990" ind1=" " ind2=" ">
   <subfield code="a">Architektur</subfield>
  </datafield>
  <datafield tag="990" ind1=" " ind2=" ">
   <subfield code="a">Tempel</subfield>
  </datafield>
  <datafield tag="990" ind1=" " ind2=" ">
   <subfield code="a">Provinzialrömische Archäologie</subfield>
  </datafield>
  <datafield tag="991" ind1=" " ind2=" ">
   <subfield code="a">Rezensiertes Werk</subfield>
  </datafield>
  <datafield tag="999" ind1=" " ind2=" ">
   <subfield code="a">KXP-PPN1628560126</subfield>
   <subfield code="e">4156250822</subfield>
  </datafield>
 </record>
</collection>
